Insects in relation to plant disease / (Record no. 73528)
[ view plain ]
| 000 -LEADER | |
|---|---|
| fixed length control field | 00715nam a2200241 a 4500 |
| 001 - CONTROL NUMBER | |
| control field | 73528 |
| 003 - CONTROL NUMBER IDENTIFIER | |
| rucl marc code | BD-RjUL |
| 005 - DATE AND TIME OF LATEST TRANSACTION | |
| control field | 20211209082415.0 |
| 008 - FIXED-LENGTH DATA ELEMENTS--GENERAL INFORMATION | |
| fixed length control field | 170603s1962 nyua b 001 0 eng d |
| 035 ## - SYSTEM CONTROL NUMBER | |
| System control number | (BD-RjUL)73746 |
| 040 ## - CATALOGING SOURCE | |
| Original cataloging agency | DLC |
| Transcribing agency | DLC |
| Modifying agency | DLC |
| -- | BD-RjUL |
| Language of cataloging | eng |
| 041 ## - LANGUAGE CODE | |
| Language code of text/sound track or separate title | eng |
| 082 00 - DEWEY DECIMAL CLASSIFICATION NUMBER | |
| Edition number | 23 |
| Classification number | 632 |
| Author mark and year | CAI 1962 |
| 100 1# - MAIN ENTRY--PERSONAL NAME | |
| Personal name | Carter, Walter |
| Dates associated with a name | 1897- |
| 9 (RLIN) | 44048 |
| 245 10 - TITLE STATEMENT | |
| Title | Insects in relation to plant disease / |
| Statement of responsibility, etc. | Walter Carter |
| 260 ## - PUBLICATION, DISTRIBUTION, ETC. (IMPRINT) | |
| Place of publication, distribution, etc. | New York : |
| Name of publisher, distributor, etc. | Wiley, |
| Date of publication, distribution, etc. | c1962 |
| 300 ## - PHYSICAL DESCRIPTION | |
| Pagination | xiv, 705 p. : |
| Illustrations | ill. ; |
| Size | 23 cm. |
| 504 ## - BIBLIOGRAPHY, ETC. NOTE | |
| Bibliography, etc | Includes bibliographies and index. |
| 650 #0 - SUBJECT ADDED ENTRY--TOPICAL TERM | |
| Topical term or geographic name as entry element | Plant diseases. |
| 9 (RLIN) | 44049 |
| Topical term or geographic name as entry element | Insects as carriers of plant disease. |
| 9 (RLIN) | 44050 |
| 942 ## - ADDED ENTRY ELEMENTS (KOHA) | |
| Source of classification or shelving scheme | Dewey Decimal Classification |
| Koha item type | Books |
| Lost status | Source of classification or shelving scheme | Damaged status | Not for loan | Collection code | Permanent Location | Current Location | Shelving location | Date acquired | Source of acquisition | Cost, normal purchase price | Total Checkouts | Full call number | Date last seen | Copy number | Koha item type |
|---|---|---|---|---|---|---|---|---|---|---|---|---|---|---|---|
| Dewey Decimal Classification | Not For Loan | Non-fiction | Central Library, University of Rajshahi | Central Library, University of Rajshahi | Reading Room | 06/08/1968 | Sweets & Zeitlinger | 244.00 | 632 CAI 1962 | 03/06/2017 | C-1 | Books | |||
| Dewey Decimal Classification | Non-fiction | Central Library, University of Rajshahi | Central Library, University of Rajshahi | 06/08/1968 | Sweets & Zeitlinger | 244.00 | 632 CAI 1962 | 03/06/2017 | C-2 | Books | |||||
| Dewey Decimal Classification | Non-fiction | Central Library, University of Rajshahi | Central Library, University of Rajshahi | 06/08/1968 | Sweets & Zeitlinger | 244.00 | 632 CAI 1962 | 03/06/2017 | C-3 | Books | |||||
| Dewey Decimal Classification | Non-fiction | Central Library, University of Rajshahi | Central Library, University of Rajshahi | 06/08/1968 | Sweets & Zeitlinger | 244.00 | 632 CAI 1962 | 03/06/2017 | C-4 | Books | |||||
| Dewey Decimal Classification | Non-fiction | Central Library, University of Rajshahi | Central Library, University of Rajshahi | 18/08/1967 | Book View, | 156.00 | 632 CAI 1962 | 03/06/2017 | C-5 | Books | |||||
| Dewey Decimal Classification | Non-fiction | Central Library, University of Rajshahi | Central Library, University of Rajshahi | 04/05/1968 | Zeitlinger | 141.00 | 632 CAI 1962 | 03/06/2017 | C-6 | Books | |||||
| Dewey Decimal Classification | Non-fiction | Central Library, University of Rajshahi | Central Library, University of Rajshahi | 04/05/1968 | Centre aid , scientific program | 0.00 | 632 CAI 1962 | 03/06/2017 | C-7 | Books | |||||
| Dewey Decimal Classification | Non-fiction | Central Library, University of Rajshahi | Central Library, University of Rajshahi | 04/05/1968 | Swits and Zeitliner | 244.00 | 632 CAI 1962 | 04/06/2017 | C-8 | Books | |||||
| Dewey Decimal Classification | Non-fiction | Central Library, University of Rajshahi | Central Library, University of Rajshahi | 04/05/1968 | Swits and Zeitliner | 244.00 | 632 CAI 1962 | 04/06/2017 | C-9 | Books |